Pays par PIB par continent - Statistiques

Statistiques générales
  • Ce quiz a été pris 221 fois
  • Le résultat moyen est 26 sur 30
Statistiques - réponses
PIB Pays % Correct
1988.34 milliards $US Canada
99%
23315.08 milliards $US Etats-Unis
99%
2957.88 milliards $US France
99%
4259.93 milliards $US Allemagne
98%
17734.06 milliards $US Chine
98%
1272.84 milliards $US Mexique
97%
487.23 milliards $US Argentine
96%
1608.98 milliards $US Brésil
96%
1552.67 milliards $US Australie
95%
2107.7 milliards $US Italie
94%
4940.88 milliards $US Japon
94%
142.87 milliards $US Maroc
92%
1778.78 milliards $US Russie
91%
163.04 milliards $US Algérie
90%
314.46 milliards $US Colombie
90%
419.02 milliards $US Afrique du sud
89%
3176.3 milliards $US Inde
89%
249.89 milliards $US Nouvelle zélande
89%
317.06 milliards $US Chili
87%
404.14 milliards $US Egypte
87%
3131.38 milliards $US Royaume-Uni
84%
1810.96 milliards $US Corée du sud
83%
107.35 milliards $US Cuba
80%
482.36 milliards $US Vénézuela
80%
1186.09 milliards $US Indonésie
79%
440.83 milliards $US Nigéria
69%
4.3 milliards $US Fidji
64%
26.59 milliards $US Papouasie nouvelle guinée
53%
1.63 milliards $US Iles salomon
46%
94.24 milliards $US République dominicaine
45%
Aucun quiz correspondant
Distribution des résultats
% des personnes avec chaque résultat
Percentile par nombre de réponses
Votre historique - résultats
Vous n’avez pas pris ce quiz